000 00508nam a2200205Ia 4500
003 OSt
005 20220614105449.0
008 210423s2011 xx 000 0 und d
020 _a9788026147861
040 _cAL
041 _aeng
082 _a543.0858 MAMT
100 _aMAMTA;DEVI (M Nithya).
_942149
245 _aElements of spectroscopy.
260 _aNew Delhi
_bAnmol Publications
_c2011
300 _a288
_bPB
365 _b900
_cINR
906 _aElements ; spectroscopy.
942 _2ddc
_cBK
999 _c154709
_d154709